000 00291nam a2200121Ia 4500
008 220216s9999 xx 000 0 und d
245 0 _aTyre industry on fast track
260 _bFacts For You
_c2003
300 _a25-26
650 _aTyre industry
650 _aTyre production
942 _cJS
999 _c71658
_d71658